000 01192nam a2200217 a 4500
008 120416s1988 ||||||||||||||||| || u
020 _a0273034162
050 _aTS 155 Loc
100 _aLockyer, Keith
245 1 0 _aProduction and operations management (5th ed.)
250 _a5th ed.
260 _aLondon
_bPitman
_c1988
300 _axiii, 576p. : ill.
350 _a0.00
700 _aOakland, John S
995 _aBINDERY (DAMAGED)
_D0.00
_e725913
_FCBU-MAIN LIBRARY (Kitwe)
_H1
_I16.99
_jTS 155 Loc
_M1
_UDAMAGED
_y017598
_ZMain Library Open Access Collection
995 _aBINDERY (DAMAGED)
_D0.00
_e725914
_FCBU-MAIN LIBRARY (Kitwe)
_H2
_I16.99
_jTS 155 Loc
_M2
_UDAMAGED
_y017599
_ZMain Library Open Access Collection
995 _aMAIN LIBRARY OPEN ACCESS
_D0.00
_e017601
_FCBU-MAIN LIBRARY (Kitwe)
_H4
_I16.99
_jTS 155 Loc
_M4
_ULOST
_y017601
_ZMain Library Open Access Collection
995 _aMAIN LIBRARY OPEN ACCESS
_D0.00
_e725915
_FCBU-MAIN LIBRARY (Kitwe)
_H5
_I16.99
_jTS 155 Loc
_M5
_UAVAILABLE
_y017602
_ZMain Library Open Access Collection
995 _aMAIN LIBRARY OPEN ACCESS
_D0.00
_e722830
_FCBU-MAIN LIBRARY (Kitwe)
_H3
_I16.99
_jTS 155 Loc
_M3
_UAVAILABLE
_y017600
_ZMain Library Open Access Collection
999 _c77228
_d77228